[Event "XVI Sigeman & Co"]
[Site "Malmo SWE"]
[Date "2008.04.30"]
[Round "9"]
[White "Agrest,E"]
[Black "Lie,K"]
[Result "1/2-1/2"]
[WhiteElo "2567"]
[BlackElo "2558"]
[EventDate "2008.04.22"]

1. Nf3 c5 2. c4 g6 3. d4 cxd4 4. Nxd4 Bg7 5. e4 Nc6 6. Nc2 Nf6 7. Nc3 O-O
8. Be2 d6 9. O-O Nd7 10. Bd2 a5 11. Na3 Nc5 12. Nab5 Nd4 13. Be3 Nxb5 14.
cxb5 Be6 15. f3 a4 16. Bd4 Qb6 17. Bxg7 Kxg7 18. Qd4+ f6 19. Kh1 Rfc8 20.
Rfd1 a3 21. b3 Nd7 22. Qd2 Qa5 23. Nb1 Qc7 24. Qe3 Qc5 25. Qxc5 Rxc5 26.
Nd2 Rac8 27. Kg1 Nb6 28. Nb1 Ra8 29. Nd2 Rac8 30. Nb1 Ra8 31. Nd2 f5 32.
Kf2 Rac8 33. Nb1 fxe4 34. fxe4 Ra8 35. Nd2 Rac8 36. Nf3 Bd7 37. Nd4 Kf7 38.
Rd2 Re5 39. Bd3 e6 40. Rad1 Ke7 41. Bb1 Bxb5 42. Nxb5 Rxb5 43. Rxd6 Nd5 44.
Bd3 Rbc5 45. e5 Rf8+ 46. Kg1 Nc3 47. Re1 Rd8 48. Rxd8 Kxd8 49. b4 Rc7 50.
Ra1 Rd7 51. Bc4 Ke7 52. Rc1 Rd1+ 53. Rxd1 Nxd1 54. b5 Kd7 55. Be2 Nc3 56.
Bc4 Ne4 57. h4 g5 58. Bd3 Nc3 59. Bc4 gxh4 60. Kf2 Ne4+ 61. Ke3 Ng5 62. Kd4
b6 63. Ke3 h3 64. gxh3 Nxh3 65. Bf1 Ng5 66. Kf4 h6 67. Be2 Ke7 68. Bh5 Nh7
69. Ke4 Nf8 70. Kd4 Nd7 71. Bg6 Kd8 72. Bh5 Nc5 73. Bg4 Ke7 74. Bd1 Kf7 75.
Bh5+ Kg7 76. Kc4 Nd7 77. Kb4 Nxe5 78. Kxa3 Kf6 79. Kb4 Ke7 80. a4 Nd3+ 81.
Kc4 Nf4 82. Bf3 Kd6 83. Kb4 Nd3+ 84. Kc3 Ne5 85. Bd1 Kc5 86. Bb3 h5 87.
Bxe6 h4 88. Bf5 Nf7 89. Kd2 Kb4 90. Ke3 Kxa4 91. Bd7 Kb4 92. Kf4 Kc5 93.
Be6 Nd6 94. Kg4 Nxb5 95. Kxh4 Nd4 96. Bd7 Nc6 97. Kg3 b5 98. Kf4 b4 99. Ke3
Ne5 100. Be6 Kb5 101. Bb3 Nc6 102. Kd3 Nd4 103. Kxd4 1/2-1/2

[Event "XVI Sigeman & Co"]
[Site "Malmo SWE"]
[Date "2008.04.30"]
[Round "9"]
[White "Stellwagen,D"]
[Black "Hillarp Persson,T"]
[Result "1/2-1/2"]
[WhiteElo "2621"]
[BlackElo "2491"]
[EventDate "2008.04.22"]

1. e4 c5 2. Nf3 d6 3. d4 cxd4 4. Nxd4 Nf6 5. Nc3 a6 6. Bg5 e6 7. f4 Qc7 8.
Bxf6 gxf6 9. Qf3 b5 10. O-O-O b4 11. Nce2 h5 12. Ng3 h4 13. Nh5 Nd7 14. g4
Bb7 15. Bg2 O-O-O 16. Kb1 Nc5 17. Rhe1 Be7 18. Qh3 Kb8 19. f5 e5 20. Nb3 a5
21. Qxh4 a4 22. Nc1 a3 23. b3 Nxe4 24. Rxe4 Bxe4 25. Bxe4 Qc3 26. Nd3 d5
27. Qf2 dxe4 28. Qb6+ Ka8 29. Qa6+ Kb8 30. Qb6+ Ka8 31. Qa6+ 1/2-1/2

[Event "XVI Sigeman & Co"]
[Site "Malmo SWE"]
[Date "2008.04.30"]
[Round "9"]
[White "Kotronias,V"]
[Black "Hansen,LB"]
[Result "1/2-1/2"]
[WhiteElo "2611"]
[BlackElo "2563"]
[EventDate "2008.04.22"]

1. e4 e5 2. Nf3 Nc6 3. Bb5 a6 4. Ba4 Nf6 5. O-O Be7 6. Re1 b5 7. Bb3 d6 8.
c3 O-O 9. h3 Na5 10. Bc2 c5 11. d4 Qc7 12. Nbd2 cxd4 13. cxd4 Nc6 14. Nb3
1/2-1/2